000
00244nam a22001217a 4500
008
180807b xxu||||| |||| 00| 0 eng d
041
_a
eng
080
_a
612.39
100
_a
10
101
_a
NUT
245
_a
Advance
_c
Ross
942
_2
udc
_c
BK
999
_c
46935
_d
46935